People in the Book of Mormon - Statistics

General Stats
  • This quiz has been taken 22 times
  • The average score is 36 of 250
Answer Stats
Chapter First Mentioned Person % Correct
1 Nephi 18 Jacob, brother of nephi
78%
3 Nephi 19 Jonas, son of nephi ii
78%
1 Nephi 18 Joseph, brother of nephi
78%
1 Nephi Nephi
78%
3 Nephi Nephi II
78%
4 Nephi 1 Nephi III
78%
3 Nephi 19 Timothy, brother of nephi ii
78%
Alma 43 Captain Lehi
72%
Alma 24 King Anti-Nephi-Lehi
72%
Mosiah 7 King Laman I
72%
Mosiah 24 King Laman II
72%
Ether 1 King Moron
72%
1 Nephi Laman
72%
1 Nephi Lehi
72%
1 Nephi Lemuel
72%
Mosiah 18 King Mormon
61%
1 Nephi 3 Laban
61%
Word of Mormon Mormon
61%
Mormon 1 Mormon, father of mormon
61%
1 Nephi Sam
61%
Alma 52 Captain Jacob
56%
1 Nephi Ishmael
56%
Ether 7 King Cohor, son of king noah
56%
Alma 17 King Lamoni of Ishmael
56%
Ether 7 | Mosiah 7 King Noah
56%
1 Nephi Sariah
56%
Alma 43 Captain Moroni
50%
Mosiah 18 Helam
50%
Ether 1 Jared
50%
Jarom Jarom
50%
Ether 1 Mahonri Moriancumr, Brother of Jared
50%
Word of Mormon Moroni
50%
Ether 1 Ether
44%
Jarom Omni
44%
Mosiah 27 Alma the younger
39%
Mosiah 27 Ammon
39%
Alma 16 Captain Zoram
39%
Mosiah 1 Helaman
39%
Alma 31 Helaman I
39%
Alma 63 Helaman II
39%
2 Nephi 21 Ammon
39%
Omni King Benjamin
39%
Omni King Mosiah I
39%
Mosiah 1 King Mosiah II
39%
Alma 16 Lehi, son of captain zoram
39%
Helaman 2 Lehi, son of helaman ii
39%
Helaman 2 Nephi I, son of helaman ii
39%
1 Nephi 4 Zoram
39%
Mosiah 11 Abinadi
33%
Jacob 7 Enos
33%
Alma 8 Amulek
28%
1 Nephi 15 Isaiah
28%
Alma 19 Abish
22%
Alma 16 Aha
22%
Alma 57 Captain Gid
22%
2 Nephi 3 Joseph Smith, Jr.
22%
2 Nephi 3 Joseph Smith, Sr.
22%
Mosiah 3 Mary
22%
Ether 1 | Mosiah 27 Aaron
17%
Mosiah 17 Alma the elder
17%
Alma 31 Corianton
17%
Mosiah 18 Gideon
17%
1 Nephi 6 Abraham
17%
1 Nephi 4 Moses
17%
Mormon 1 King Aaron
17%
Mosiah 7 King Limhi
17%
Alma 30 Korihor
17%
Mosiah 27 Omner
17%
Alma 50 Captain Teancum
11%
Mosiah 7 Helem
11%
Mosiah 27 Himni
11%
2 Nephi 17 David
11%
1 Nephi 6 Isaac
11%
1 Nephi 5 Jacob (Israel)
11%
1 Nephi 14 John the Beloved
11%
2 Nephi 17 King Pekah of Israel
11%
2 Nephi 17 King Remaliah of Israel
11%
2 Nephi 5 Solomon
11%
1 Nephi 19 Zenock
11%
1 Nephi 19 Zenos
11%
Ether 1 King Kish
11%
Mosiah 7 King Zeniff
11%
Helaman 1 Kishkumen
11%
Alma 1 Nehor
11%
Ether 14 Shiz
11%
Alma 10 Zeezrom
11%
Alma 2 Amlici
6%
Mormon 6 Captain Josh
6%
Mormon 6 Captain Shem
6%
Ether 7 Cohor, son of corihor
6%
Ether 1 Coriantum
6%
Helaman 1 Coriantumr
6%
Ether 8 Coriantumr, son of king omer
6%
Helaman 2 Gadianton
6%
Alma 63 Hagoth
6%
Ether 1 Heth
6%
Helaman 6 Abel
6%
1 Nephi 5 Adam
6%
Alma 8 Ammonihah
6%
3 Nephi 25 Elijah
6%
1 Nephi 5 Eve
6%
1 Nephi 5 Jeremiah
6%
2 Nephi 21 Jesse
6%
2 Nephi 3 Judah
6%
Alma 13 King Melchizedek
6%
2 Nephi 16 King Uzziah of Judah
6%
3 Nephi 24 Levi
6%
Mosiah 25 Mulek
6%
1 Nephi 4 Pharaoh
6%
2 Nephi 8 Sarah
6%
Ether 1 King Coriantum
6%
Ether 7 King Corihor
6%
Ether 1 King Heth
6%
Ether 8 King Jared, son of king omer
6%
Ether 1 King Kib
6%
Ether 1 King Levi
6%
Ether 1 King Omer
6%
Ether 1 King Shiblon/Shiblom
6%
1 Nephi 1 King Zedekiah of Judah
6%
3 Nephi 19 Kumen
6%
Alma 50 Pahoran I
6%
Helaman 1 Pahoran II
6%
Helaman 7 Samuel
6%
Ether 1 Seth
6%
Jacob 7 Sherem
6%
Alma 31 Shiblon
6%
Omni Abinadom
0%
Omni Amaleki, son of abinadom
0%
Mosiah 7 Amaleki the explorer
0%
Omni Amaron
0%
Helaman 5 Aminadab
0%
Alma 20 Ammah
0%
4 Nephi 1 Ammaron
0%
Mosiah 7 Ammon the explorer
0%
Ether 1 Amnigaddah
0%
Alma 2 Amnor
0%
4 Nephi 1 Amos I
0%
4 Nephi 1 Amos II
0%
Mosiah 23 Amulon the priest
0%
Alma 12 Antionah
0%
Moroni 9 Captain Aaron
0%
Moroni 9 Captain Amoron
0%
Mormon 6 Captain Antionum
0%
Alma 56 Captain Antipus
0%
Moroni 9 Captain Archeantus
0%
Mormon 6 Captain Cumenihah
0%
Moroni 9 Captain Emron
0%
3 Nephi 3 Captain Giddgidoni
0%
Mormon 6 Captain Gidgiddonah
0%
Mormon 6 Captain Gilgal
0%
Mormon 6 Captain Jeneum
0%
Mormon 6 Captain Lamah
0%
Mormon 6 Captain Limhah
0%
Moroni 9 Captain Luram
0%
Alma 62 | Mormon 6 Captain Moronihah
0%
Mormon 6 Captain Shiblom
0%
Alma 58 Captain Teomner
0%
Moroni 9 Captain Zenephi
0%
Helaman 5 Cezoram
0%
Omni Chemish
0%
Ether 1 Coriantor
0%
Omni Coriantumr the Jaredite
0%
Ether 8 Esrom
0%
Alma 37 Gazelem
0%
3 Nephi 3 Giddianhi
0%
Alma 30 Giddonah
0%
Ether 6 Gilgah
0%
Mosiah 1 Helorum
0%
Mosiah 7 Hem
0%
Alma 10 Aminadi
0%
2 Nephi 12 Amoz
0%
Helaman 6 Cain
0%
Helaman 8 Ezias
0%
Alma 10 Giddonah
0%
Alma 10 Ishmael, son of giddonah
0%
2 Nephi 18 Jeberechiah
0%
1 Nephi 5 Joseph of Egypt
0%
2 Nephi 17 Jotham
0%
2 Nephi 17 King Ahaz
0%
2 Nephi 17 King Rezin of Syria
0%
2 Nephi 18 Maher-shalal-hash-baz
0%
3 Nephi 24 Malachi
0%
Alma 10 Manasseh
0%
1 Nephi 19 Neum
0%
Ether 2 Nimrod
0%
3 Nephi 19 Isaiah the disciple
0%
2 Nephi 17 Shearjashub
0%
2 Nephi 17 Tabeal
0%
2 Nephi 18 Uriah the priest
0%
2 Nephi 18 Zechariah
0%
Ether 6 Jacom
0%
3 Nephi 19 Jeremiah the disciple
0%
3 Nephi 19 Jonas the disciple
0%
Ether 8 Kimnor
0%
Ether 1 King Ahah
0%
Ether 8 King Akish
0%
Alma 46 King Amalickiah
0%
Ether 10 King Amgid
0%
Alma 52 King Ammoron
0%
Alma 20 King Antiomno of Middoni
0%
Ether 1 King Com
0%
Ether 12 King Coriantumr
0%
Ether 1 King Corom
0%
Ether 1 King Emer
0%
Ether 1 King Ethem
0%
Ether 14 King Gilead
0%
Ether 1 King Hearthom
0%
Ether 1 King Kim
0%
Ether 1 | Ether 14 King Lib
0%
Ether 1 King Morianton
0%
Ether 1 King Orihah
0%
Alma 62 King Pachus
0%
Ether 1 King Riplakish
0%
Ether 13 King Shared
0%
Ether 1 King Shez
0%
Ether 1 King Shule
0%
Helaman 1 King Tubaloth
0%
3 Nephi 19 Kumenonhi
0%
3 Nephi 1 Lachoneus I
0%
3 Nephi 6 Lachoneus II
0%
Alma 55 Laman, servant
0%
Alma 46 Lehonti
0%
Alma 2 Limher
0%
Ether 6 Mahah
0%
Alma 2 Manti
0%
3 Nephi 19 Mathoni
0%
3 Nephi 19 Mathonihah
0%
Alma 50 Morianton
0%
Alma 20 Muloki
0%
Alma 4 Nephihah
0%
Ether 9 Nimrah
0%
Ether 7 Nimrod
0%
Helaman 1 Paanchi
0%
Helaman 1 Pacumeni
0%
Ether 6 Pagag
0%
Helaman 9 Seantum
0%
Helaman 9 Seezoram
0%
3 Nephi 19 Shemnon
0%
Ether 10 Shez, son of king shez
0%
Omni Zarahemla
0%
Alma 43 Zarahemnah
0%
3 Nephi 19 Zedekiah the disciple
0%
3 Nephi 4 Zemnarihah
0%
Alma 2 Zeram
0%
Alma 30 Zoram, leader of the zoramites
0%
No matching quizzes found
Score Distribution
Percent of People with Each Score
Percentile by Number Answered
Your Score History
You have not taken this quiz